Catálogo
 En Linea

La puerta de San Diego en Santo Domingo. : (Registro nro. 33603)

Detalles MARC
000 -CABECERA
campo de control de longitud fija 00545nam a2200145 a 4500
001 - NÚMERO DE CONTROL
campo de control 000034112
005 - FECHA Y HORA DE LA ÚLTIMA TRANSACCIÓN
campo de control 20200930070802.0
008 - DATOS DE LONGITUD FIJA--INFORMACIÓN GENERAL
campo de control de longitud fija 110923s1942 dr a 000 0 spa d
040 ## - FUENTE DE LA CATALOGACIÓN
Centro catalogador/agencia de origen DO-SdBNP
Lengua de catalogación spa
Centro/agencia transcriptor BNPHU
082 ## - NÚMERO DE LA CLASIFICACIÓN DECIMAL DEWEY
Número de clasificación xxxx
100 1# - ENTRADA PRINCIPAL--NOMBRE DE PERSONA
Nombre de persona Palm, Erwin Warter,
9 (RLIN) 59545
245 13 - MENCIÓN DE TÍTULO
Título La puerta de San Diego en Santo Domingo. :
Resto del título (del boletín del archivo general de la nación, Vol. V, 1942, No. 23, págs. 282-287) /
Mención de responsabilidad, etc. Erwin Warter Palm.
260 ## - PUBLICACIÓN, DISTRIBUCIÓN, ETC.
Lugar de publicación, distribución, etc. Ciudad Trujillo, República Dominicana :
Nombre del editor, distribuidor, etc. Montalvo,
Fecha de publicación, distribución, etc. 1942.
300 ## - DESCRIPCIÓN FÍSICA
Extensión [14] p. :
Otras características físicas il. ;
Dimensiones 24 cm.
Existencias
Estado de retiro Estado de pérdida Restricciones de uso No para préstamo Código de colección Localización permanente Ubicación/localización actual Ubicación en estantería Fecha de adquisición Número de inventario Total de préstamos Signatura topográfica completa Código de barras Fecha visto por última vez Precio válido a partir de Tipo de ítem Koha
      Excluido de préstamo Raros y valiosos Patrimonio Dominicano Patrimonio Dominicano Depósito 23.09.2011 LF1   xxxx 34112-10 25.06.2020 25.06.2020 No se presta

Con tecnología Koha